Foods beginning with O - Statistics

General Stats
  • This quiz has been taken 160 times
  • The average score is 10 of 12
Answer Stats
Picture Answer % Correct
Oreo
98%
Onion
97%
Orange
97%
Onion ring
94%
Omelette
91%
Oyster
91%
Olive
87%
Oregano
83%
Octopus
82%
Okra
73%
Oats
69%
Onigiri
17%
No matching quizzes found
Score Distribution
Percent of People with Each Score
Percentile by Number Answered
Your Score History
You have not taken this quiz